| 000 | 00559nam a22001937a 4500 | ||
|---|---|---|---|
| 999 |
_c1999 _d1999 |
||
| 005 | 20230512153316.0 | ||
| 008 | 230223b ||||| |||| 00| 0 eng d | ||
| 020 | _q9781398373969 | ||
| 040 | _cKH8 | ||
| 082 | _a570 BIO | ||
| 110 | _aHodder Education | ||
| 245 |
_aGive wasps a chance: _bBiomedical applications of venom |
||
| 260 |
_aUK: _bHodder Education, _c2022. |
||
| 300 |
_av. : _c28 cm. |
||
| 440 |
_aBiological sciences review; _nSeptember 2022 _pno.1 _vvol. 35 |
||
| 650 | _a Biology -- Periodicals | ||
| 650 | _aBiology Serials | ||
| 942 |
_2ddc _cTR |
||